000 00708nam a22002057a 4500
999 _c19641
_d19641
003 AR-CdUCM
008 190518b ||||| |||| 00| 0 spa d
040 _aMUNICIPALIDAD PROVINCIAL DEL CUSCO
_cBIBLIOTECA MUNICIPAL DEL CUSCO
082 _a974 /
_bT33
100 _aTeja Zabre, Alfonso
_941097
245 _aHistoria de México :
_bUna moderna interpretación /
260 _aMéxico :
_bSecretaria de relaciones exteriores,
_c1935.
300 _a399 páginas ;
_c24 cm.
505 _aContenido: Sinopsis -- Resumen cronológico -- La cultura mexicana primitiva ...
650 _aHistoria
_9246
650 _aMéxico
_918
650 _aModerna
_919323
942 _2ddc
_cLIBROS
945 _arah
_d2019-05-18